00688nam a2200205Ia 4500003000900000008004100009020001800050040001600068080001900084100002700103245008500130250001200215260003800227300001400265650004100279650003000320942000700350999001500357952011000372IN-BaIIA211028s9999 xx 000 0 eng d a0-7167-0359-9 cIIA Library a524.3-852bMIH aMihalas, Dimitri96040 0aStellar atmospherescDimitri Mihalas  a2nd ed. aSanfranciscobW. H. Freemanc1978 axx, 632p. aAstronomy and astrophysics thesaurus aStellar atmospheres91135 cBK c6077d6077 00104070aBANbBANcGENd1978-11-30l5m1o524.3-852/ MIHp6785r2024-01-02s2023-06-19w1978-11-30yBK